[Event "International Tournament "]
[Site "Paracin, Hotel "]
[Date "2017.07.08"]
[Round "3.23"]
[White "Popovic, Aleksandar M"]
[Black "Costachi, Mihnea"]
[Result "0-1"]
[WhiteElo "2255"]
[BlackElo "2427"]
[PlyCount "88"]
[EventDate "2017.07.07"]

1. g3 d5 2. Bg2 e5 3. d3 Nc6 4. a3 g6 5. b4 Bg7 6. Bb2 a6 7. Nf3 Nge7 8. O-O
O-O 9. e4 d4 10. c3 dxc3 11. Nxc3 h6 12. b5 Nd4 13. bxa6 Rxa6 14. Nxd4 exd4 15.
Ne2 c5 16. a4 Bd7 17. Qc2 Qa5 18. Nf4 Bxa4 19. Qc4 Rc8 20. e5 b5 21. Qa2 Qb6
22. e6 f5 23. Nd5 Qd8 24. Rfe1 Kh7 25. Rac1 b4 26. Qc4 Ra5 27. h4 Bb5 28. Qb3
h5 29. Nf4 Bh6 30. Nh3 Bc6 31. Bxc6 Rxc6 32. Rc2 Ra8 33. Bc1 Qd5 34. Qb1 Bg7
35. Bg5 Qd6 36. Bf4 Qd8 37. Qc1 b3 38. Rc4 Qb6 39. Qb2 Ra2 40. Qb1 Qa5 41. Rcc1
b2 42. Rcd1 Ra6 43. Bg5 Bf8 44. Qc2 Qc3 0-1

[Event "International Tournament "]
[Site "Paracin, Hotel "]
[Date "2017.07.08"]
[Round "3.24"]
[White "Vucinic, Gojko"]
[Black "Zarkovic, Mila"]
[Result "1-0"]
[WhiteElo "2415"]
[BlackElo "2255"]
[PlyCount "81"]
[EventDate "2017.07.07"]

1. e4 c5 2. Nf3 e6 3. d4 cxd4 4. Nxd4 Nf6 5. Nc3 d6 6. g4 h6 7. Rg1 Nc6 8. h4
h5 9. gxh5 Nxh5 10. Bg5 Nf6 11. Qd2 Qb6 12. Nb3 Bd7 13. O-O-O a6 14. Be3 Qc7
15. f4 b5 16. Qf2 Rc8 17. a3 b4 18. axb4 Nxb4 19. Rg5 d5 20. exd5 Nfxd5 21.
Nxd5 Nxd5 22. Rgxd5 exd5 23. Re1 Be7 24. Bc5 Be6 25. Bxe7 Qxe7 26. f5 Qxh4 27.
Qxh4 Rxh4 28. fxe6 Rc6 29. exf7+ Kxf7 30. Bg2 Rd6 31. c3 Rf4 32. Rd1 g5 33.
Bxd5+ Ke7 34. c4 g4 35. c5 Rdf6 36. Rd3 Kd8 37. c6 Kc8 38. Nc5 Rd6 39. Nxa6 g3
40. Rb3 Rf1+ 41. Kc2 1-0

[Event "International Tournament "]
[Site "Paracin, Hotel "]
[Date "2017.07.08"]
[Round "3.25"]
[White "Pecurica, Milos"]
[Black "Radovanovic, Nikola"]
[Result "1/2-1/2"]
[WhiteElo "2255"]
[BlackElo "2399"]
[PlyCount "39"]
[EventDate "2017.07.07"]

1. d4 Nf6 2. c4 g6 3. Nc3 Bg7 4. e4 d6 5. Nf3 O-O 6. Be2 e5 7. d5 a5 8. Bg5 h6
9. Be3 Ng4 10. Bd2 f5 11. h3 Nf6 12. exf5 gxf5 13. Qc1 f4 14. g3 e4 15. Nh4 e3
16. fxe3 fxg3 17. Ng6 Rf7 18. Qc2 Na6 19. Rg1 Bd7 20. Rxg3 1/2-1/2

[Event "International Tournament "]
[Site "Paracin, Hotel "]
[Date "2017.07.08"]
[Round "3.26"]
[White "Ivic, Velimir"]
[Black "Yordanov, Lachezar"]
[Result "1-0"]
[WhiteElo "2375"]
[BlackElo "2246"]
[PlyCount "55"]
[EventDate "2017.07.07"]

1. e4 c5 2. Nf3 e6 3. d4 cxd4 4. Nxd4 a6 5. c4 Nf6 6. Nc3 Bb4 7. Qd3 Bxc3+ 8.
bxc3 Qa5 9. Be2 O-O 10. O-O Qe5 11. Bf3 d5 12. cxd5 exd5 13. exd5 Nxd5 14. Ba3
Re8 15. Qd2 Nf6 16. Rfe1 Qa5 17. Rxe8+ Nxe8 18. Re1 Nf6 19. Bb4 Qb6 20. Qe2 Bd7
21. Be7 Ne8 22. Bd5 Nc7 23. Bd8 Nc6 24. Nxc6 bxc6 25. Qe7 cxd5 26. Qxd7 h6 27.
Bxc7 Qb2 28. Be5 1-0

[Event "International Tournament "]
[Site "Paracin, Hotel "]
[Date "2017.07.08"]
[Round "3.27"]
[White "Jovanovic, Bojan P"]
[Black "Dimitrov, Vladimir"]
[Result "1/2-1/2"]
[WhiteElo "2233"]
[BlackElo "2359"]
[PlyCount "39"]
[EventDate "2017.07.07"]

1. d4 d5 2. c4 dxc4 3. Nf3 Nf6 4. e3 Bg4 5. Bxc4 e6 6. O-O a6 7. Nc3 Nc6 8. Be2
Bd6 9. h3 Bh5 10. b3 O-O 11. Bb2 Re8 12. Rc1 Qe7 13. Na4 Nb4 14. a3 Nbd5 15.
Nc5 b6 16. Nxa6 Bxf3 17. gxf3 Nh5 18. f4 Nhxf4 19. exf4 Qh4 20. Bf3 1/2-1/2

[Event "International Tournament "]
[Site "Paracin, Hotel "]
[Date "2017.07.08"]
[Round "3.28"]
[White "Lazic, Ljubisa"]
[Black "Pantelic, Sasa"]
[Result "1/2-1/2"]
[WhiteElo "2217"]
[BlackElo "2358"]
[PlyCount "88"]
[EventDate "2017.07.07"]

1. d4 Nf6 2. Nf3 g6 3. Bf4 c5 4. c3 cxd4 5. cxd4 Bg7 6. e3 Qb6 7. Qb3 Qxb3 8.
axb3 Nc6 9. Nc3 O-O 10. h3 Nb4 11. Ra4 Nfd5 12. Be5 d6 13. Nxd5 Nxd5 14. Bxg7
Kxg7 15. Bc4 Nf6 16. O-O Bd7 17. Raa1 a6 18. Rfc1 Rfc8 19. Bd3 Bc6 20. Nd2 b5
21. e4 e5 22. d5 Bb7 23. b4 Rxc1+ 24. Rxc1 Rc8 25. Rc3 Kf8 26. Be2 Ke7 27. Bg4
Rxc3 28. bxc3 Kd8 29. Be2 Kc7 30. f3 Kb6 31. c4 bxc4 32. Nxc4+ Kc7 33. Kf2 Bxd5
34. exd5 Nxd5 35. Ne3 Nxb4 36. Bc4 f5 37. f4 a5 38. Bg8 exf4 39. Nc4 h6 40.
Nxa5 d5 41. Bxd5 Nxd5 42. Nc4 Ne7 43. Ne5 h5 44. Nd3 Nd5 1/2-1/2

[Event "International Tournament "]
[Site "Paracin, Hotel "]
[Date "2017.07.08"]
[Round "3.29"]
[White "Budisavljevic, Luka"]
[Black "Martic, Ivan"]
[Result "0-1"]
[WhiteElo "2196"]
[BlackElo "2356"]
[PlyCount "80"]
[EventDate "2017.07.07"]

1. d4 Nf6 2. Nf3 g6 3. c4 Bg7 4. Nc3 O-O 5. Bg5 d6 6. e3 Nbd7 7. Be2 c5 8. Qc2
Qa5 9. O-O a6 10. a3 Re8 11. b4 Qc7 12. Rac1 b6 13. Bxf6 Nxf6 14. Nd5 Qd8 15.
dxc5 bxc5 16. bxc5 dxc5 17. Rfd1 Qa5 18. Nd2 Rb8 19. Rb1 Rxb1 20. Nxb1 Nxd5 21.
cxd5 Bd7 22. Bc4 Rb8 23. Qd3 Qa4 24. Rc1 Rb2 25. Nd2 Bb5 26. g3 Rxd2 27. Qxd2
Bxc4 28. d6 exd6 29. Qxd6 Bf8 30. Qd8 Qb3 31. Qc8 Qd3 32. Qg4 Be6 33. Qa4 c4
34. Qa5 Qxa3 35. Qd2 Qd3 36. Qa5 Bh3 37. Qe5 Qd2 38. Qc3 Qd5 39. f3 Qxf3 40.
Qd2 Bc5 0-1

[Event "International Tournament "]
[Site "Paracin, Hotel "]
[Date "2017.07.08"]
[Round "3.30"]
[White "Svicevic, Rastko"]
[Black "Dimic, Pavle"]
[Result "1/2-1/2"]
[WhiteElo "2189"]
[BlackElo "2351"]
[PlyCount "59"]
[EventDate "2017.07.07"]

1. e4 c6 2. d4 d5 3. Nd2 dxe4 4. Nxe4 Bf5 5. Qf3 e6 6. Ne2 Bxe4 7. Qxe4 Nf6 8.
Qf3 Be7 9. Qb3 Qb6 10. c3 O-O 11. g3 Nbd7 12. Bg2 Qa6 13. Qc2 c5 14. O-O Rac8
15. Be3 Nb6 16. dxc5 Nbd5 17. b4 b6 18. Nd4 Qc4 19. Qb3 Qxb3 20. axb3 bxc5 21.
Nb5 cxb4 22. Bxd5 Nxd5 23. c4 Nxe3 24. fxe3 Bc5 25. Kf2 Rcd8 26. Ke2 Rd7 27.
Rfd1 Rfd8 28. Rxd7 Rxd7 29. Ra6 Bb6 30. Nd4 1/2-1/2

[Event "International Tournament "]
[Site "Paracin, Hotel "]
[Date "2017.07.08"]
[Round "3.31"]
[White "Chekletsov, Ilya"]
[Black "Banovic, Ivan"]
[Result "1/2-1/2"]
[WhiteElo "2350"]
[BlackElo "2208"]
[PlyCount "184"]
[EventDate "2017.07.07"]

1. d4 Nf6 2. c4 g6 3. Nc3 Bg7 4. e4 d6 5. Nf3 O-O 6. Be2 Bg4 7. Be3 Nfd7 8. d5
c5 9. O-O Na6 10. Qd2 Nc7 11. h3 Bxf3 12. Bxf3 a6 13. Be2 Rb8 14. a4 Re8 15.
Rfe1 e6 16. Bf1 exd5 17. exd5 b6 18. Bg5 Bf6 19. Rxe8+ Nxe8 20. Bf4 Be5 21. Be3
Bg7 22. Re1 Nef6 23. Bf4 Qf8 24. Qd1 Re8 25. Rxe8 Nxe8 26. a5 Bxc3 27. bxc3
bxa5 28. Qa4 Qe7 29. Qxa5 Ne5 30. Qxa6 Kg7 31. Qa1 Nf6 32. Qc1 Ng8 33. Qe3 f6
34. Bh2 Kf7 35. Be2 Nd7 36. Qd2 Ne5 37. Kf1 Kg7 38. Qe3 Kf7 39. Bg3 Nd7 40. Qd2
Ne5 41. Qb2 Nh6 42. Bf4 Kg7 43. Qc1 Nhf7 44. Bh2 Nd7 45. Bf4 Nde5 46. Be3 Nd7
47. Qb1 Nde5 48. Qb8 Qd8 49. Qa7 Qd7 50. Qa6 Qe7 51. Bd2 Nh6 52. Qc8 Nhf7 53.
Qe6 Kf8 54. Qc8+ Qe8 55. Qa6 Qe7 56. Bd1 Nd8 57. f4 Nef7 58. Qa2 Kg7 59. Bc2
Nh6 60. Qb1 Qb7 61. Qe1 Qd7 62. Kg1 Ng8 63. g4 Ne7 64. Be3 Nf7 65. Bf2 Ng8 66.
Bg3 Qe7 67. Qd2 Qd7 68. Kg2 Ne7 69. Qe2 Ng8 70. Qd1 Ne7 71. Ba4 Qa7 72. Qc2 Ng8
73. Be8 Qe7 74. Bb5 Qe3 75. Bd7 Qe7 76. Be6 Nd8 77. Qe4 Nh6 78. Kf3 Nhf7 79. h4
Qa7 80. Qe2 Qa1 81. Be1 Qb1 82. Bd7 Qb3 83. g5 fxg5 84. hxg5 Qb1 85. Kg3 h6 86.
gxh6+ Nxh6 87. Kg2 Nf5 88. Bf2 Nf7 89. Be6 Nd8 90. Bd7 Nf7 91. Be6 Nd8 92. Bc8
Nf7 1/2-1/2

[Event "International Tournament "]
[Site "Paracin, Hotel "]
[Date "2017.07.08"]
[Round "3.32"]
[White "Djokic, Slavoljub"]
[Black "Stathopoulos, Ioannis"]
[Result "0-1"]
[WhiteElo "2167"]
[BlackElo "2343"]
[PlyCount "100"]
[EventDate "2017.07.07"]

1. c4 Nf6 2. Nc3 g6 3. Nf3 Bg7 4. g3 O-O 5. Bg2 d6 6. O-O e5 7. d4 Nbd7 8. dxe5
dxe5 9. Bg5 h6 10. Bxf6 Bxf6 11. Qd2 Bg7 12. Rfd1 c6 13. Ne4 Qe7 14. Nd6 Rd8
15. Bh3 f5 16. e4 Nc5 17. Nxc8 Raxc8 18. Qb4 Bf6 19. exf5 e4 20. fxg6 Rxd1+ 21.
Rxd1 Rf8 22. Re1 b6 23. Qd2 Qg7 24. Nh4 Bxh4 25. gxh4 Qxg6+ 26. Kh1 Qf6 27.
Rg1+ Kh7 28. Rg2 Nd3 29. Kg1 Qxh4 30. Qe3 Qf4 31. Bd7 Rf6 32. b3 Qxe3 33. fxe3
Ne5 34. Bh3 Rf3 35. Rg3 Rxg3+ 36. hxg3 Kg6 37. Bc8 Kf6 38. Kg2 a5 39. Kh3 Nd3
40. Kg4 Nc1 41. Kf4 Nxa2 42. Kxe4 Nc1 43. Bd7 Nxb3 44. Bxc6 a4 45. Bxa4 Nc5+
46. Kd5 Nxa4 47. e4 Nc3+ 48. Kc6 Nxe4 49. Kxb6 Nxg3 50. c5 Ne4 0-1

[Event "International Tournament "]
[Site "Paracin, Hotel "]
[Date "2017.07.08"]
[Round "3.33"]
[White "Ardeleanu, Alin"]
[Black "Dimitrijevic, Nenad"]
[Result "1/2-1/2"]
[WhiteElo "2339"]
[BlackElo "2201"]
[PlyCount "49"]
[EventDate "2017.07.07"]

1. e4 e6 2. d4 d5 3. Nc3 dxe4 4. Nxe4 Nd7 5. Nf3 Ngf6 6. Bg5 Be7 7. Nxf6+ Nxf6
8. Bd3 c5 9. O-O cxd4 10. Bb5+ Bd7 11. Bxd7+ Qxd7 12. Qxd4 Qxd4 13. Nxd4 O-O-O
14. c3 Rd5 15. Nf3 h6 16. Be3 a6 17. Bd4 Bc5 18. Bxf6 gxf6 19. Rfd1 Rhd8 20.
Rxd5 Rxd5 21. Kf1 Kc7 22. Re1 b5 23. c4 bxc4 24. Rc1 Kb6 25. Rxc4 1/2-1/2

[Event "International Tournament "]
[Site "Paracin, Hotel "]
[Date "2017.07.08"]
[Round "3.34"]
[White "Raykov, Stefan"]
[Black "Becker, Marcel"]
[Result "1-0"]
[WhiteElo "2103"]
[BlackElo "2339"]
[PlyCount "29"]
[EventDate "2017.07.07"]

1. e4 c6 2. d4 d5 3. Nc3 dxe4 4. Nxe4 Bf5 5. Ng3 Bg6 6. h4 h6 7. Nf3 e6 8. h5
Bh7 9. Bd3 Bxd3 10. Qxd3 Nf6 11. Bd2 c5 12. O-O-O Nc6 13. Bc3 Qd5 14. dxc5 Qxa2
15. Bxf6 1-0

[Event "International Tournament "]
[Site "Paracin, Hotel "]
[Date "2017.07.08"]
[Round "3.35"]
[White "Radovanovic, Mihajlo"]
[Black "Jevtic, Sreten"]
[Result "1-0"]
[WhiteElo "2337"]
[BlackElo "2196"]
[PlyCount "61"]
[EventDate "2017.07.07"]

1. Nf3 d5 2. c4 e6 3. g3 Nf6 4. Bg2 Be7 5. d4 b6 6. cxd5 exd5 7. O-O O-O 8. Nc3
Bb7 9. Ne5 Nbd7 10. Qa4 Nxe5 11. dxe5 Ne8 12. Nxd5 Bxd5 13. Rd1 c6 14. e4 b5
15. Qc2 Nc7 16. exd5 cxd5 17. Be3 Qd7 18. Rac1 Rac8 19. Qc6 Qf5 20. Qb7 Qxe5
21. Bf4 Qxb2 22. Rxc7 Rxc7 23. Qxc7 Bf6 24. Bxd5 Bd4 25. Rd2 Qb1+ 26. Kg2 Bb6
27. Qd7 Bc5 28. Re2 a6 29. Qc6 Qd3 30. Re8 Qa3 31. Qd7 1-0

[Event "International Tournament "]
[Site "Paracin, Hotel "]
[Date "2017.07.08"]
[Round "3.36"]
[White "Bozbey, Ali"]
[Black "Marjanovic, Annamaria"]
[Result "0-1"]
[WhiteElo "2139"]
[BlackElo "2331"]
[PlyCount "94"]
[EventDate "2017.07.07"]

1. e4 c6 2. d4 d5 3. e5 Bf5 4. Nf3 e6 5. Be2 c5 6. Be3 cxd4 7. Nxd4 Ne7 8. O-O
Nbc6 9. c4 Nxd4 10. Bxd4 dxc4 11. Bxc4 a6 12. Bc3 Nc6 13. a4 Bc5 14. Qf3 O-O
15. Rd1 Bxf2+ 16. Kxf2 Qh4+ 17. Kg1 Qxc4 18. Nd2 Qc5+ 19. Qf2 Qxf2+ 20. Kxf2
Bd3 21. Nf3 Rfd8 22. Rd2 Be4 23. Rad1 Bxf3 24. gxf3 Rxd2+ 25. Rxd2 Rd8 26.
Rxd8+ Nxd8 27. Ke3 Nc6 28. Kd3 b5 29. axb5 axb5 30. Ke4 Kf8 31. Bd4 Ke8 32. h3
Ne7 33. Bc5 Nf5 34. Bd4 Kd7 35. Bc5 Kc6 36. Bb4 h6 37. Bf8 Kd7 38. Bb4 Kc6 39.
Bf8 g5 40. Bb4 Ng3+ 41. Kd4 Ne2+ 42. Ke4 Ng1 43. Bf8 h5 44. b4 Nxh3 45. Be7 h4
46. f4 Nxf4 47. Bxg5 Nd5 0-1

[Event "International Tournament "]
[Site "Paracin, Hotel "]
[Date "2017.07.08"]
[Round "3.37"]
[White "Maksimovic, Bojan"]
[Black "Sahin, Ozgun"]
[Result "1/2-1/2"]
[WhiteElo "2312"]
[BlackElo "2189"]
[PlyCount "77"]
[EventDate "2017.07.07"]

1. e4 c5 2. Nf3 g6 3. c4 Bh6 4. d4 Bxc1 5. Qxc1 cxd4 6. Nxd4 Nc6 7. Nc2 Nf6 8.
Nc3 O-O 9. Be2 d6 10. O-O Qb6 11. b3 Nd4 12. Nxd4 Qxd4 13. Rd1 Qc5 14. Qf4 Be6
15. Rac1 Rac8 16. h3 b6 17. Bf1 Rfd8 18. Re1 Qa5 19. Qe3 Qc5 20. Qd2 Re8 21.
Qb2 Qe5 22. Qe2 Qc5 23. g3 Qg5 24. Bg2 Qh6 25. Kh2 Ng4+ 26. Kg1 Nf6 27. Qf1 Qg5
28. Kh2 Qd2 29. Qe2 Qxe2 30. Nxe2 Nd7 31. Nd4 Nc5 32. Rcd1 a5 33. e5 dxe5 34.
Rxe5 Red8 35. Ree1 Kf8 36. f4 Rd6 37. Nb5 Rxd1 38. Rxd1 a4 39. Nd4 1/2-1/2

[Event "International Tournament "]
[Site "Paracin, Hotel "]
[Date "2017.07.08"]
[Round "3.38"]
[White "Rajkovic, Mladen"]
[Black "Marholev, Dimitar"]
[Result "1-0"]
[WhiteElo "2305"]
[BlackElo "2177"]
[PlyCount "85"]
[EventDate "2017.07.07"]

1. e4 e5 2. Nf3 Nc6 3. Bb5 Nge7 4. c3 a6 5. Ba4 g6 6. d4 exd4 7. cxd4 b5 8. Bc2
d5 9. exd5 Nb4 10. Bb3 Nbxd5 11. O-O Bg7 12. Bg5 Qd6 13. Nbd2 Bf5 14. Re1 O-O
15. Rc1 h6 16. Bh4 Nc6 17. Bg3 Qd7 18. Bxd5 Qxd5 19. Rc5 Qd7 20. d5 Nb4 21. Ne4
c6 22. d6 Rfe8 23. Be5 Bxe4 24. Rxe4 Nd5 25. Re1 f6 26. Bg3 Rxe1+ 27. Nxe1 Re8
28. Nd3 f5 29. Rc1 Qf7 30. Qd2 g5 31. f4 Bd4+ 32. Bf2 Bxf2+ 33. Qxf2 Qd7 34.
fxg5 hxg5 35. Qg3 Qg7 36. d7 Rd8 37. Rxc6 Rxd7 38. Rc8+ Kh7 39. Qh3+ Kg6 40.
Rc6+ Kf7 41. Qxf5+ Ke7 42. Qe6+ Kd8 43. Ne5 1-0

[Event "International Tournament "]
[Site "Paracin, Hotel "]
[Date "2017.07.08"]
[Round "3.39"]
[White "Injac, Teodora"]
[Black "Peycheva, Gergana"]
[Result "1/2-1/2"]
[WhiteElo "2290"]
[BlackElo "2161"]
[PlyCount "51"]
[EventDate "2017.07.07"]

1. Nf3 c5 2. c4 Nc6 3. Nc3 g6 4. e3 Bg7 5. d4 cxd4 6. exd4 d6 7. h3 Qb6 8. Nd5
Qd8 9. Bg5 h6 10. Be3 e6 11. Nc3 Nge7 12. d5 Ne5 13. Nd4 exd5 14. cxd5 O-O 15.
Be2 Nf5 16. Nxf5 Bxf5 17. O-O Re8 18. Qd2 h5 19. Rac1 a6 20. Rfe1 b5 21. a3 Rc8
22. Na2 Qd7 23. Nb4 Qb7 24. f4 Nc4 25. Bxc4 Rxc4 26. Nc6 1/2-1/2

[Event "International Tournament "]
[Site "Paracin, Hotel "]
[Date "2017.07.08"]
[Round "3.40"]
[White "Ozenir, Ekin Baris"]
[Black "Gajcin, Marina"]
[Result "1-0"]
[WhiteElo "2098"]
[BlackElo "2282"]
[PlyCount "107"]
[EventDate "2017.07.07"]

1. d4 Nf6 2. Bg5 d5 3. Bxf6 exf6 4. e3 Bd6 5. g3 O-O 6. Bg2 c6 7. Ne2 Nd7 8.
O-O f5 9. Nd2 Nf6 10. c4 dxc4 11. Nxc4 Bc7 12. Nc3 Qe7 13. Qd3 Be6 14. Rac1
Rad8 15. Rfd1 g6 16. Nd2 Rfe8 17. b4 Nd5 18. b5 Nb4 19. Qb1 c5 20. Nb3 c4 21.
Nc5 b6 22. Qxb4 Bd6 23. N3a4 bxc5 24. dxc5 Be5 25. Bf1 Bd5 26. Bxc4 Bf3 27.
Rxd8 Rxd8 28. Bf1 f4 29. exf4 Rd4 30. Qc3 Rxf4 31. Qb3 Qg5 32. Qe3 Qh5 33. Rc4
Rxc4 34. Bxc4 Qg4 35. Qxe5 Qxc4 36. Qe8+ Kg7 37. Qe3 Qxa4 38. Qxf3 Qxb5 39.
Qc3+ Kg8 40. Qc2 Qc6 41. h3 Kf8 42. Qc3 Ke7 43. Qd4 h5 44. h4 a6 45. a4 Qe6 46.
Kg2 Qc6+ 47. Kf1 Ke6 48. Ke2 Qd5 49. Ke3 Qb3+ 50. Kf4 Qb8+ 51. Kg5 Qc7 52. Qd6+
Qxd6 53. cxd6 Kxd6 54. Kf6 1-0

[Event "International Tournament "]
[Site "Paracin, Hotel "]
[Date "2017.07.08"]
[Round "3.41"]
[White "Emiroglu, Cankut"]
[Black "Sukovic, Andrej"]
[Result "1/2-1/2"]
[WhiteElo "2277"]
[BlackElo "2150"]
[PlyCount "126"]
[EventDate "2017.07.07"]

1. e4 c5 2. Nf3 d6 3. Bb5+ Nd7 4. d4 cxd4 5. Qxd4 a6 6. Bxd7+ Bxd7 7. c4 e5 8.
Qd3 b5 9. Nc3 bxc4 10. Qxc4 Be6 11. Qc6+ Bd7 12. Qc4 Be6 13. Qd3 h6 14. Nd2 Nf6
15. Nc4 Be7 16. O-O O-O 17. Rd1 Rc8 18. Nxd6 Bxd6 19. Qxd6 Qa5 20. Be3 Rb8 21.
Qc5 Qxc5 22. Bxc5 Rfd8 23. Ba3 Rd4 24. f3 Rbd8 25. b3 Rd2 26. Be7 R8d4 27. Bxf6
gxf6 28. Rxd2 Rxd2 29. Rc1 Kg7 30. h4 Kg6 31. Kh2 Rb2 32. Kg3 h5 33. Re1 Rc2
34. Re3 f5 35. exf5+ Kxf5 36. Rd3 Rb2 37. Rd6 Rc2 38. Rc6 Bd7 39. Rc7 Be6 40.
Rc6 Bd7 41. Rc7 Be6 42. Rc5 Kg6 43. b4 Bxa2 44. Nxa2 Rxa2 45. Rxe5 Ra4 46. Re4
a5 47. bxa5 Rxa5 48. Rb4 Ra2 49. Rb3 f6 50. Rb1 Rc2 51. Rf1 Kf5 52. Rf2 Rc1 53.
Ra2 Rc4 54. Kh3 Rc3 55. Ra4 Kg6 56. Ra5 Rb3 57. Rd5 Ra3 58. Kg3 Ra4 59. Rd8 Rc4
60. Kf2 Rc2+ 61. Kg3 Rc3 62. Rd5 Rc2 63. Kh3 Rc4 1/2-1/2

[Event "International Tournament "]
[Site "Paracin, Hotel "]
[Date "2017.07.08"]
[Round "3.42"]
[White "Strugnell, Carl"]
[Black "Dogan, Mire Deniz"]
[Result "1-0"]
[WhiteElo "2271"]
[BlackElo "2075"]
[PlyCount "57"]
[EventDate "2017.07.07"]

1. e4 e6 2. d4 d5 3. Nc3 dxe4 4. Nxe4 Nd7 5. Nf3 Ngf6 6. Nxf6+ Nxf6 7. Be3 Be7
8. Bd3 O-O 9. Qe2 c6 10. O-O-O Qc7 11. Kb1 b5 12. h4 a5 13. c3 b4 14. c4 Ba6
15. h5 c5 16. g4 Nxg4 17. Bg5 Bb7 18. Rhg1 Bxf3 19. Qxf3 f5 20. Bxe7 Qxe7 21.
Rde1 Qf6 22. Qc6 Nxf2 23. Rxe6 Qxd4 24. Rd6 Qe5 25. Rd7 Ng4 26. h6 g6 27. Rg7+
Kh8 28. Rxg4 Rfc8 29. Qb7 1-0

[Event "International Tournament "]
[Site "Paracin, Hotel "]
[Date "2017.07.08"]
[Round "3.43"]
[White "Kucumenler, Tarkan"]
[Black "Trifunovic, Miroljub"]
[Result "0-1"]
[WhiteElo "2004"]
[BlackElo "2269"]
[PlyCount "114"]
[EventDate "2017.07.07"]

1. d4 Nf6 2. c4 e6 3. Nc3 d5 4. Bg5 Be7 5. e3 h6 6. Bh4 O-O 7. Nf3 b6 8. Be2
Bb7 9. Bxf6 Bxf6 10. cxd5 exd5 11. O-O Re8 12. Qb3 c6 13. Rad1 Nd7 14. Rfe1 Nf8
15. e4 g6 16. exd5 cxd5 17. Bf1 Ne6 18. g3 Re7 19. Qb4 a5 20. Qa4 Qd6 21. a3
Rae8 22. Re3 Kg7 23. Bb5 Rd8 24. Rde1 h5 25. Ne5 Nc7 26. Bf1 h4 27. Qb3 hxg3
28. hxg3 Rde8 29. Nb5 Nxb5 30. Bxb5 Rh8 31. Qd3 Rh5 32. f4 Rc7 33. Ba6 Bc8 34.
Bxc8 Rxc8 35. Kg2 Qe6 36. Kf3 Bxe5 37. Rxe5 Qh3 38. Qb3 Rxe5 39. dxe5 Qh5+ 40.
Kg2 Qg4 41. Qd3 Rc5 42. Re2 a4 43. Qf3 Qd7 44. Rd2 Qe6 45. Qe3 Kg8 46. Qd4 Qc6
47. Kh3 Qe6+ 48. Kg2 Qc6 49. Kh3 Kf8 50. Kg4 Ke7 51. Kf3 Ke6 52. g4 Rc4 53. f5+
gxf5 54. gxf5+ Kxf5 55. Qxd5 Rf4+ 56. Kg3 Qg6+ 57. Kh3 Rh4+ 0-1

[Event "International Tournament "]
[Site "Paracin, Hotel "]
[Date "2017.07.08"]
[Round "3.44"]
[White "Ayan, Bengu Sena"]
[Black "Milosevic, Milos"]
[Result "0-1"]
[WhiteElo "1862"]
[BlackElo "2263"]
[PlyCount "76"]
[EventDate "2017.07.07"]

1. d4 Nf6 2. c4 c5 3. d5 b5 4. cxb5 a6 5. bxa6 g6 6. Nc3 Bg7 7. e4 O-O 8. Nf3
Qa5 9. Bd2 Bxa6 10. Bxa6 Qxa6 11. Qe2 e6 12. Qxa6 Nxa6 13. O-O exd5 14. exd5
Nb4 15. Be3 d6 16. Bf4 Ra6 17. Rad1 Nh5 18. Bg5 h6 19. Be7 Re8 20. Rfe1 Nf4 21.
Re4 Nfd3 22. Bxd6 Rxe4 23. Nxe4 Nxb2 24. Re1 f5 25. Neg5 hxg5 26. Re8+ Kh7 27.
Nxg5+ Kh6 28. Nf7+ Kh5 29. h3 N2d3 30. Re6 Bd4 31. g4+ fxg4 32. hxg4+ Kxg4 33.
Rxg6+ Kf5 34. Rg2 Kf6 35. Ng5 Nxf2 36. Nh7+ Kf5 37. Bf8 Ng4+ 38. Kh1 Ra7 0-1

[Event "International Tournament "]
[Site "Paracin, Hotel "]
[Date "2017.07.08"]
[Round "3.45"]
[White "Konstantinov, Aleksandar"]
[Black "Bojicic, Andjela"]
[Result "1/2-1/2"]
[WhiteElo "2262"]
[BlackElo "2072"]
[PlyCount "62"]
[EventDate "2017.07.07"]

1. d4 Nf6 2. c4 g6 3. Nc3 Bg7 4. e4 d6 5. h3 O-O 6. Nf3 e5 7. d5 a5 8. Be2 Na6
9. Bg5 h6 10. Be3 Nh5 11. Nd2 Nf4 12. Bf1 Qe7 13. g3 Nh5 14. Be2 Nf6 15. g4 Nh7
16. h4 f5 17. gxf5 gxf5 18. exf5 Bxf5 19. Nde4 Bxe4 20. Nxe4 Nc5 21. Nxc5 dxc5
22. Qd2 Rf6 23. Rg1 Kh8 24. h5 e4 25. Rg6 Rxg6 26. hxg6 Ng5 27. O-O-O Ra6 28.
d6 Rxd6 29. Bxc5 Rxd2 30. Bxe7 Rxd1+ 31. Bxd1 Bd4 1/2-1/2

[Event "International Tournament "]
[Site "Paracin, Hotel "]
[Date "2017.07.08"]
[Round "3.46"]
[White "Chekletsov, Egor"]
[Black "Tosic, Srecko"]
[Result "0-1"]
[WhiteElo "1999"]
[BlackElo "2326"]
[PlyCount "78"]
[EventDate "2017.07.07"]

1. d4 d5 2. c4 c6 3. cxd5 cxd5 4. Nf3 Nf6 5. Nc3 Nc6 6. Bf4 Ne4 7. Qb3 Nxc3 8.
bxc3 g6 9. e3 Bg7 10. Bd3 O-O 11. O-O Na5 12. Qb4 Be6 13. Nd2 b6 14. c4 dxc4
15. Nxc4 Nc6 16. Qd2 Bxc4 17. Bxc4 e5 18. Bb5 Na5 19. Bg3 exd4 20. exd4 a6 21.
Be2 Nc6 22. Bf3 Nxd4 23. Rad1 Nxf3+ 24. gxf3 Qf6 25. Kg2 Rfd8 26. Qb4 b5 27.
Rfe1 Rxd1 28. Rxd1 Rd8 29. Rxd8+ Qxd8 30. Qc5 h5 31. Bf4 Qf6 32. Be3 Qe6 33.
Qc2 Kh7 34. Qd2 Qc6 35. Qe2 Qd5 36. Qc2 a5 37. Qb1 Qc4 38. Bd2 b4 39. Kg1 Qd5
0-1

[Event "International Tournament "]
[Site "Paracin, Hotel "]
[Date "2017.07.08"]
[Round "3.47"]
[White "Ersahin, Bulent"]
[Black "Can, Isik"]
[Result "1/2-1/2"]
[WhiteElo "2145"]
[BlackElo "2287"]
[PlyCount "53"]
[EventDate "2017.07.07"]

1. Nf3 Nf6 2. g3 b6 3. Bg2 Bb7 4. c4 e6 5. O-O Be7 6. d4 O-O 7. d5 exd5 8. Nh4
c6 9. cxd5 Nxd5 10. Nf5 Nc7 11. e4 d5 12. Nc3 Bf6 13. exd5 Nxd5 14. Nxd5 cxd5
15. Ne3 Nc6 16. Nxd5 Be5 17. Re1 Re8 18. Qg4 Qc8 19. Qh4 Nd4 20. Be3 Nf5 21.
Qb4 Bd6 22. Qb3 Nxe3 23. Rxe3 Rxe3 24. Qxe3 Qe6 25. Rd1 Bxd5 26. Bxd5 Qxe3 27.
fxe3 1/2-1/2

[Event "International Tournament "]
[Site "Paracin, Hotel "]
[Date "2017.07.08"]
[Round "3.48"]
[White "Maksimovic, Masa"]
[Black "Matovic, Mihajlo Z"]
[Result "0-1"]
[WhiteElo "2094"]
[BlackElo "2266"]
[PlyCount "60"]
[EventDate "2017.07.07"]

1. e4 c5 2. Nf3 d6 3. d4 Nf6 4. Nc3 cxd4 5. Qxd4 Nc6 6. Bb5 Bd7 7. Bxc6 Bxc6 8.
Bg5 e6 9. O-O-O Be7 10. Rhe1 O-O 11. Bxf6 Bxf6 12. Qxd6 Qa5 13. e5 Bxf3 14.
gxf3 Rad8 15. Qa3 Bg5+ 16. Kb1 Qxa3 17. bxa3 Bd2 18. Rxd2 Rxd2 19. Re2 Rfd8 20.
Kc1 Rxe2 21. Nxe2 Rd5 22. f4 g5 23. Nc3 Ra5 24. fxg5 Rxe5 25. h4 Re1+ 26. Kb2
Rh1 27. Nb5 Rxh4 28. Nxa7 Rg4 29. Nb5 Rxg5 30. Nd6 h5 0-1

[Event "International Tournament "]
[Site "Paracin, Hotel "]
[Date "2017.07.08"]
[Round "3.49"]
[White "Cvetkovic, Nemanja"]
[Black "Mihevc, Ivo"]
[Result "1-0"]
[WhiteElo "2244"]
[BlackElo "2101"]
[PlyCount "75"]
[EventDate "2017.07.07"]

1. d4 Nf6 2. c4 g6 3. Nc3 Bg7 4. e4 d6 5. Nge2 O-O 6. Ng3 c5 7. d5 e6 8. Be2
exd5 9. cxd5 h5 10. Bg5 Qa5 11. O-O Re8 12. Qd2 Nh7 13. Nb5 Qb6 14. Bf4 Bf8 15.
f3 a6 16. Nc3 Qd8 17. a4 h4 18. Nh1 Bg7 19. Nf2 f5 20. Bh6 Bxh6 21. Qxh6 Qg5
22. Qxg5 Nxg5 23. Bd3 Nf7 24. f4 Kg7 25. Rae1 fxe4 26. Ncxe4 Bf5 27. Ng5 Rxe1
28. Rxe1 Nxg5 29. fxg5 b5 30. Re7+ Kf8 31. Rh7 Kg8 32. Rc7 bxa4 33. Bxf5 gxf5
34. Nd3 a5 35. Rc8+ Kg7 36. Nf4 c4 37. Rc7+ Kg8 38. Nh5 1-0